Catalog

Record Details

Catalog Search



Drama  Cover Image Book Book

Drama / Raina Telgemeier ; with color by Gurihiru.

Telgemeier, Raina. (Author). Gurihiru, (ill.).

Summary:

Callie loves theater. And while she would totally try out for her middle school's production of Moon Over Mississippi, she's a terrible singer. Instead she's the set designer for the stage crew, and this year she's determined to create a set worthy of Broadway on a middle-school budget. But how can she, when she doesn't know much about carpentry, ticket sales are down, and the crew members are having trouble working together? Not to mention the onstage AND offstage drama that occurs once the actors are chosen, and when two cute brothers enter the picture, things get even crazier! Following the success of SMILE, Raina Telgemeier brings us another graphic novels featuring a diverse set of characters that humorously explores friendship, crushes, and all-around drama!

Record details

  • ISBN: 9780545326988 (hardcover)
  • ISBN: 0545326982 (hardcover)
  • ISBN: 9780545326995 (pbk.)
  • ISBN: 0545326990 (pbk.)
  • ISBN: 9780329943806 (Follet Bound)
  • ISBN: 0329943804 (Follet Bound)
  • Physical Description: 233 p. : chiefly col. ill. ; 21 cm.
  • Edition: 1st ed.
  • Publisher: New York : Graphix/Scholastic, c2012.

Content descriptions

Bibliography, etc. Note:
Includes bibliographical references.
Subject: Theater > Comic books, strips, etc.
Interpersonal relations > Comic books, strips, etc.
Middle schools > Comic books, strips, etc.
Schools > Comic books, strips, etc.
Teenage girls > Comic books, strips, etc.
Teenage boys > Comic books, strips, etc.
Genre: Graphic novels.

Available copies

  • 1 of 1 copy available at scottsboropl.

Holds

  • 0 current holds with 1 total copy.
Show Only Available Copies
Location Call Number / Copy Notes Barcode Shelving Location Status Due Date
scottsboropl J GN Tel 32269001277162 Juvenile - Graphic Novel Available -

LDR 02557cam a2200457 a 4500
001135969
003CONS
00520181107064445.0
008111205s2012 nyua c 6b 000 1 eng
010 . ‡a 2011040748
019 . ‡a805572765 ‡a807201665 ‡a814408437
020 . ‡a9780545326988 (hardcover)
020 . ‡a0545326982 (hardcover)
020 . ‡a9780545326995 (pbk.)
020 . ‡a0545326990 (pbk.)
020 . ‡a9780329943806 (Follet Bound)
020 . ‡a0329943804 (Follet Bound)
035 . ‡a(CPomAG)LMN562219
05000. ‡aPZ7.7.T45 ‡bDr 2012
08200. ‡a741.5/973 ‡223
08214. ‡a741.5 ‡214
1001 . ‡aTelgemeier, Raina.
24510. ‡aDrama / ‡cRaina Telgemeier ; with color by Gurihiru.
250 . ‡a1st ed.
260 . ‡aNew York : ‡bGraphix/Scholastic, ‡cc2012.
300 . ‡a233 p. : ‡bchiefly col. ill. ; ‡c21 cm.
504 . ‡aIncludes bibliographical references.
520 . ‡aCallie loves theater. And while she would totally try out for her middle school's production of Moon Over Mississippi, she's a terrible singer. Instead she's the set designer for the stage crew, and this year she's determined to create a set worthy of Broadway on a middle-school budget. But how can she, when she doesn't know much about carpentry, ticket sales are down, and the crew members are having trouble working together? Not to mention the onstage AND offstage drama that occurs once the actors are chosen, and when two cute brothers enter the picture, things get even crazier! Following the success of SMILE, Raina Telgemeier brings us another graphic novels featuring a diverse set of characters that humorously explores friendship, crushes, and all-around drama!
650 0. ‡aTheater ‡vComic books, strips, etc.
650 0. ‡aInterpersonal relations ‡vComic books, strips, etc.
650 0. ‡aMiddle schools ‡vComic books, strips, etc.
650 0. ‡aSchools ‡vComic books, strips, etc.
650 0. ‡aTeenage girls ‡vComic books, strips, etc.
650 0. ‡aTeenage boys ‡vComic books, strips, etc.
655 0. ‡aGraphic novels.
7102 . ‡aGurihiru, ‡eill.
914 . ‡aSCP_jd ‡dLMN_cm
959 . ‡i32269000915820 ‡lJF Tel ‡aJuvenile - Fiction ‡tJuv Fiction ‡g21.00
852 . ‡p32269000915820 ‡jJF Tel ‡jJ GN Tel ‡gJuvenile - Fiction ‡gJuvenile - Graphic Novel ‡cJuv Fiction ‡cJuv Fiction ‡y21.00 ‡y11.00 ‡bSBPL
959 . ‡i32269001065625 ‡lJ GN Tel ‡aJuvenile - Graphic Novel ‡tJuv Fiction ‡g11.00
852 . ‡p32269001065625 ‡jJF Tel ‡jJ GN Tel ‡gJuvenile - Fiction ‡gJuvenile - Graphic Novel ‡cJuv Fiction ‡cJuv Fiction ‡y21.00 ‡y11.00 ‡bSBPL
901 . ‡a135969 ‡bUnknown ‡c135969 ‡tbiblio

Additional Resources